[Event "Hessenliga 1516"]
[Site "Germany"]
[Date "2015.11.22"]
[Round "3.2"]
[White "Peters, Ingo"]
[Black "Rosenberger, Berthold"]
[Result "1/2-1/2"]
[WhiteElo "2097"]
[BlackElo "2217"]
[PlyCount "49"]
[EventDate "2015.09.27"]
[EventType "team-tourn"]
[EventRounds "9"]
[EventCountry "GER"]
[SourceTitle "EXT 2018"]
[Source "ChessBase"]
[SourceDate "2017.10.13"]
[SourceVersion "1"]
[SourceVersionDate "2017.10.13"]
[SourceQuality "1"]
[WhiteTeam "Gernsheim"]
[BlackTeam "Dettingen"]
[WhiteTeamCountry "GER"]
[BlackTeamCountry "GER"]

1. e4 c5 2. Nf3 d6 3. d4 cxd4 4. Nxd4 Nf6 5. Nc3 a6 6. Bc4 e6 7. 0-0 Qc7 8. Bb3 Nc6 9. f4 Nxd4 10. Qxd4 d5 11. Kh1 Bc5 12. Qd3 dxe4 13. Nxe4 Nxe4 14. Qxe4 0-0 15. Be3 Bxe3 16. Qxe3 Bd7 17. c3 Bc6 18. Bc2 Rad8 19. Rad1 g6 20. Kg1 Rxd1 21. Rxd1 Rd8 22. a3 Rxd1+ 23. Bxd1 Qa5 24. Bf3 Bxf3 25. Qxf3 1/2-1/2

[Event "Hessenliga 1415"]
[Site "Hessen"]
[Date "2015.03.01"]
[Round "7.3"]
[White "Rosenberger, Berthold"]
[Black "Rothenbacher, Jochen"]
[Result "1/2-1/2"]
[WhiteElo "2217"]
[BlackElo "2138"]
[PlyCount "85"]
[EventDate "2014.09.28"]
[EventType "team-tourn"]
[EventRounds "9"]
[EventCountry "GER"]
[SourceTitle "EXT 2016"]
[Source "ChessBase"]
[SourceDate "2015.10.08"]
[SourceVersion "1"]
[SourceVersionDate "2015.10.08"]
[SourceQuality "1"]
[WhiteTeam "Dettingen"]
[BlackTeam "Bad Nauheim"]
[WhiteTeamCountry "GER"]
[BlackTeamCountry "GER"]

1. d4 d6 2. Nf3 Nf6 3. c4 Nbd7 4. Bf4 Nh5 5. Bg5 h6 6. Bd2 g6 7. Bc3 Bg7 8. e3 c6 9. Qc2 Nhf6 10. e4 e6 11. e5 dxe5 12. dxe5 Nh7 13. b3 Qc7 14. Qb2 Ng5 15. Nbd2 Nxf3+ 16. Nxf3 b6 17. Bd3 Bb7 18. 0-0 0-0 19. Rad1 Rad8 20. Qe2 c5 21. Rfe1 Bxf3 22. gxf3 Nb8 23. h4 h5 24. Qe3 Nc6 25. Qg5 Nd4 26. Kg2 Rfe8 27. f4 Nf5 28. Bxf5 exf5 29. Qg3 Qc6+ 30. Qf3 Qxf3+ 31. Kxf3 Bf8 32. Rd5 Be7 33. Kg3 Kf8 34. Red1 Ra8 35. Bd2 Red8 36. Be3 Ke8 37. f3 Rac8 38. Bf2 Rc6 39. Kg2 Rc7 40. Kf1 Rdd7 41. Ke2 Kd8 42. Kd3 Kc8 43. Kc3 1/2-1/2

[Event "Hessenliga 1415"]
[Site "Hessen"]
[Date "2014.09.28"]
[Round "1.2"]
[White "Rosenberger, Berthold"]
[Black "Keller, Peter1111"]
[Result "1-0"]
[WhiteElo "2217"]
[BlackElo "2110"]
[PlyCount "105"]
[EventDate "2014.09.28"]
[EventType "team-tourn"]
[EventRounds "9"]
[EventCountry "GER"]
[SourceTitle "EXT 2016"]
[Source "ChessBase"]
[SourceDate "2015.10.08"]
[SourceVersion "1"]
[SourceVersionDate "2015.10.08"]
[SourceQuality "1"]
[WhiteTeam "Dettingen"]
[BlackTeam "Frankfurt TV"]
[WhiteTeamCountry "GER"]
[BlackTeamCountry "GER"]

1. d4 d5 2. Nf3 Nf6 3. g3 Bg4 4. Bg2 c6 5. Nbd2 Nbd7 6. 0-0 e6 7. c4 Be7 8. h3 Bh5 9. Re1 0-0 10. e4 dxe4 11. Nxe4 Nxe4 12. Rxe4 Nf6 13. Re2 c5 14. Be3 Rc8 15. g4 Bg6 16. Ne5 Be4 17. g5 Bxg2 18. gxf6 gxf6 19. Kxg2 fxe5 20. dxe5 Kh8 21. Rd2 Qc7 22. Qh5 Rg8+ 23. Kf1 Qc6 24. Rad1 Qh1+ 25. Ke2 Qe4 26. b3 Rg6 27. Rd7 Re8 28. Qf3 Qf5 29. Qxf5 exf5 30. Rxb7 Re6 31. Rd5 a6 32. Kf3 Kg7 33. Ra7 Rc8 34. Bd2 Kg6 35. Ba5 Kg5 36. Bc7 Kh4 37. Bd6 Bxd6 38. exd6 Kxh3 39. Rxf7 h5 40. Rfxf5 h4 41. d7 Rd8 42. Rf7 Kh2 43. Rxc5 Rd6 44. Rd5 Rxd5 45. cxd5 h3 46. Rh7 Kg1 47. Rxh3 Rxd7 48. Rh5 Rf7+ 49. Ke3 Re7+ 50. Kd4 Kxf2 51. Rf5+ Kg3 52. d6 Re2 53. Rd5 1-0

[Event "Hessenliga 1112"]
[Site "Germany"]
[Date "2011.11.06"]
[Round "3.2"]
[White "Rosenberger, Berthold"]
[Black "Feldtmann, Thomas"]
[Result "0-1"]
[WhiteElo "2217"]
[BlackElo "2290"]
[PlyCount "96"]
[EventDate "2011.09.25"]
[EventType "team-tourn"]
[EventRounds "9"]
[EventCountry "GER"]
[SourceTitle "EXT 2013"]
[Source "ChessBase"]
[SourceDate "2012.11.22"]
[SourceVersion "1"]
[SourceVersionDate "2012.11.22"]
[SourceQuality "1"]
[WhiteTeam "Dettingen"]
[BlackTeam "Marburg"]
[WhiteTeamCountry "GER"]
[BlackTeamCountry "GER"]

1. d4 Nf6 2. Nf3 d5 3. c4 e6 4. Nc3 Bb4 5. e3 0-0 6. Qc2 b6 7. a3 Bd6 8. Nb5 c5 9. b3 Be7 10. Be2 Nc6 11. dxc5 bxc5 12. cxd5 exd5 13. 0-0 Qb6 14. Nc3 Na5 15. Rb1 Rb8 16. Na4 Qc6 17. Ne5 Qd6 18. Nd3 Bf5 19. Qc3 c4 20. Qxa5 cxd3 21. Bf3 d2 22. Bxd2 Bxb1 23. Rxb1 Qxa3 24. g3 Bb4 25. Bxb4 Qxb4 26. Qxa7 Ne4 27. Rb2 Qe1+ 28. Kg2 Nd2 29. Qa6 Nxf3 30. Kxf3 Qd1+ 31. Kg2 Rxb3 32. Rxb3 Qxb3 33. Nc5 Qc4 34. Qd6 Rc8 35. Nd7 Qe4+ 36. Kh3 h5 37. Ne5 Re8 38. Nc6 Kh7 39. Nd4 Re5 40. Qd7 Qg6 41. Qd8 Qg4+ 42. Kg2 Qe4+ 43. Kh3 f6 44. Qd7 Kg8 45. Qd8+ Re8 46. Qd7 Kh7 47. Nf5 Qg4+ 48. Kg2 Re5 0-1

[Event "Hessenliga 0910"]
[Site "Germany"]
[Date "2009.11.29"]
[Round "4.5"]
[White "Rosenberger, Berthold"]
[Black "Syed, Tareq"]
[Result "1/2-1/2"]
[WhiteElo "2217"]
[BlackElo "2112"]
[PlyCount "54"]
[EventDate "2009.09.20"]
[EventType "team-tourn"]
[EventRounds "9"]
[EventCountry "GER"]
[SourceTitle "EXT 2011"]
[Source "ChessBase"]
[SourceDate "2010.11.26"]
[SourceVersion "1"]
[SourceVersionDate "2010.11.26"]
[SourceQuality "1"]
[WhiteTeam "Dettingen"]
[BlackTeam "Frankfurt BvK II"]
[WhiteTeamCountry "GER"]
[BlackTeamCountry "GER"]

1. d4 g6 2. Nf3 Bg7 3. c4 d6 4. Bf4 Nd7 5. h3 e5 6. Bg5 f6 7. Bh4 Nh6 8. dxe5 dxe5 9. e4 Qe7 10. Nc3 c6 11. Bd3 Nf7 12. a3 a5 13. Rb1 0-0 14. 0-0 Nc5 15. b4 axb4 16. axb4 Nxd3 17. Qxd3 Rd8 18. Qc2 Be6 19. c5 Bh6 20. Rfd1 g5 21. Bg3 g4 22. hxg4 Bxg4 23. Rxd8+ Rxd8 24. Nh2 Rd2 25. Qa4 Bh5 26. Nf1 Rd4 27. Qa7 Rd7 1/2-1/2

[Event "Hessenliga 0910"]
[Site "Germany"]
[Date "2009.11.01"]
[Round "3.5"]
[White "Rosenberger, Berthold"]
[Black "Haenisch, Uwe"]
[Result "1-0"]
[WhiteElo "2217"]
[BlackElo "2178"]
[PlyCount "67"]
[EventDate "2009.09.20"]
[EventType "team-tourn"]
[EventRounds "9"]
[EventCountry "GER"]
[SourceTitle "EXT 2011"]
[Source "ChessBase"]
[SourceDate "2010.11.26"]
[SourceVersion "1"]
[SourceVersionDate "2010.11.26"]
[SourceQuality "1"]
[WhiteTeam "Dettingen"]
[BlackTeam "Kassel"]
[WhiteTeamCountry "GER"]
[BlackTeamCountry "GER"]

1. d4 f5 2. g3 g6 3. Bg2 Bg7 4. Nh3 d6 5. 0-0 Nf6 6. c3 c6 7. Nd2 0-0 8. Qb3+ Kh8 9. Ng5 Qe8 10. e4 h6 11. Ne6 Bxe6 12. Qxe6 Qd7 13. exf5 gxf5 14. Re1 Ng8 15. d5 Qxe6 16. Rxe6 cxd5 17. Bxd5 Nd7 18. Nb3 Rab8 19. Be3 b6 20. Bd4 Ne5 21. f4 Nd3 22. Bxg7+ Kxg7 23. Re3 Nxb2 24. Bxg8 Kxg8 25. Rxe7 Rf7 26. Rxf7 Kxf7 27. Nd4 Rc8 28. Nxf5 Ke6 29. Nxh6 Rxc3 30. Re1+ Kf6 31. f5 d5 32. Re6+ Kg5 33. Rg6+ Kh5 34. Ng8 1-0

[Event "Hessenliga 0809"]
[Site "Germany"]
[Date "2009.02.08"]
[Round "7.3"]
[White "Mueller, Achim"]
[Black "Rosenberger, Berthold"]
[Result "1/2-1/2"]
[WhiteElo "2151"]
[BlackElo "2216"]
[PlyCount "30"]
[EventDate "2008.09.14"]
[EventType "team-tourn"]
[EventRounds "9"]
[EventCountry "GER"]
[SourceTitle "EXT 2011"]
[Source "ChessBase"]
[SourceDate "2010.11.26"]
[SourceVersion "1"]
[SourceVersionDate "2010.11.26"]
[SourceQuality "1"]
[WhiteTeam "Schoeneck II"]
[BlackTeam "Dettingen"]
[WhiteTeamCountry "GER"]
[BlackTeamCountry "GER"]

1. e4 c5 2. Nf3 d6 3. d4 cxd4 4. Nxd4 Nf6 5. Nc3 a6 6. Be2 e6 7. Be3 Be7 8. 0-0 0-0 9. a4 Nc6 10. f4 Qc7 11. Nb3 b6 12. Bf3 Bb7 13. Kh1 Rad8 14. Qe2 Nd7 15. Rad1 Nc5 1/2-1/2

[Event "Hessenliga 0607"]
[Site "Germany"]
[Date "2007.03.25"]
[Round "9.1"]
[White "Rosenberger, Berthold"]
[Black "Legde, Georg"]
[Result "0-1"]
[WhiteElo "2250"]
[BlackElo "2355"]
[PlyCount "106"]
[EventDate "2006.09.17"]
[EventType "team"]
[EventRounds "9"]
[EventCountry "GER"]
[SourceTitle "EXT 2008"]
[Source "ChessBase"]
[SourceDate "2007.11.25"]
[SourceVersion "1"]
[SourceVersionDate "2007.11.25"]
[SourceQuality "1"]
[WhiteTeam "Dettingen"]
[BlackTeam "Giessen"]
[WhiteTeamCountry "GER"]
[BlackTeamCountry "GER"]

1. d4 Nf6 2. Nf3 c5 3. c3 d5 4. g3 e6 5. Bg2 Be7 6. 0-0 0-0 7. Bg5 Nbd7 8. Nbd2 b6 9. Bxf6 Bxf6 10. e4 Bb7 11. exd5 Bxd5 12. Nb3 Qc7 13. Qe2 Rac8 14. Rfd1 Rfd8 15. Ne1 Bxg2 16. Kxg2 cxd4 17. Nxd4 Nc5 18. Nef3 Qb7 19. Kg1 a6 20. Nb3 Na4 21. Rxd8+ Rxd8 22. Nfd4 b5 23. Rb1 Qd5 24. Qf3 Bxd4 25. Nxd4 Qxa2 26. Qe4 Qd5 27. Qxd5 Rxd5 28. Kf1 g6 29. Ne2 e5 30. b3 Nc5 31. c4 Rd3 32. cxb5 Nxb3 33. Nc1 Nd2+ 34. Ke2 Nxb1 35. Nxd3 Nc3+ 36. Kd2 Nxb5 37. Nxe5 f6 38. Nd7 Kf7 39. Kd3 Ke7 40. Nc5 Nc7 41. Kc4 Kd6 42. f4 Kc6 43. Nb3 Nd5 44. Kd4 Ne7 45. Kc4 Nf5 46. Nc5 a5 47. Ne4 Nd6+ 48. Nxd6 Kxd6 49. Kb5 Kd5 50. Kxa5 Ke4 51. Kb5 Kf3 52. Kc5 Kg2 53. Kd6 Kxh2 0-1

[Event "Hessenliga 0607"]
[Site "Germany"]
[Date "2007.01.28"]
[Round "6.1"]
[White "Rosenberger, Berthold"]
[Black "Schmitzer, Klaus"]
[Result "0-1"]
[WhiteElo "2250"]
[BlackElo "2336"]
[PlyCount "98"]
[EventDate "2006.09.17"]
[EventType "team"]
[EventRounds "9"]
[EventCountry "GER"]
[SourceTitle "EXT 2008"]
[Source "ChessBase"]
[SourceDate "2007.11.25"]
[SourceVersion "1"]
[SourceVersionDate "2007.11.25"]
[SourceQuality "1"]
[WhiteTeam "Dettingen"]
[BlackTeam "Schoeneck II"]
[WhiteTeamCountry "GER"]
[BlackTeamCountry "GER"]

1. d4 Nf6 2. Nf3 e6 3. c4 d5 4. Nc3 c5 5. e3 Nc6 6. a3 cxd4 7. exd4 Be7 8. Bd3 dxc4 9. Bxc4 0-0 10. 0-0 a6 11. Be3 b5 12. Ba2 b4 13. axb4 Nxb4 14. Bc4 Bb7 15. Ne5 Nfd5 16. Qe2 Bd6 17. Nxd5 exd5 18. Bb3 Re8 19. Qd2 a5 20. Ba4 Re6 21. Bf4 f6 22. Nf3 Bxf4 23. Qxf4 Re2 24. Bb5 Rxb2 25. Rfe1 Bc6 26. Qc1 Rc2 27. Bxc6 Rxc1 28. Rexc1 Nxc6 29. Rxc6 Qd7 30. Rc5 Qb7 31. h4 a4 32. Rc3 Qb4 33. Rca3 g6 34. Kh2 Kg7 35. Kg1 Ra7 36. Kh2 Ra8 37. Kg1 h6 38. Kh2 Ra7 39. Kg1 Kf7 40. g4 g5 41. hxg5 hxg5 42. Kg2 Ra8 43. R1a2 Qc4 44. Ra1 Kg7 45. R1a2 Qc8 46. Nh2 Qd7 47. Ra1 Kg6 48. R1a2 Rh8 49. Rg3 Qh7 0-1

[Event "Hessenliga 0607"]
[Site "Germany"]
[Date "2006.09.17"]
[Round "1.1"]
[White "Niebling, Ferdinand"]
[Black "Rosenberger, Berthold"]
[Result "0-1"]
[WhiteElo "2201"]
[BlackElo "2250"]
[PlyCount "86"]
[EventDate "2006.09.17"]
[EventType "team"]
[EventRounds "9"]
[EventCountry "GER"]
[SourceTitle "EXT 2008"]
[Source "ChessBase"]
[SourceDate "2007.11.25"]
[SourceVersion "1"]
[SourceVersionDate "2007.11.25"]
[SourceQuality "1"]
[WhiteTeam "Frankfurt West"]
[BlackTeam "Dettingen"]
[WhiteTeamCountry "GER"]
[BlackTeamCountry "GER"]

1. d4 Nf6 2. c4 g6 3. g3 Bg7 4. Bg2 d6 5. Nf3 0-0 6. Nc3 c6 7. 0-0 a6 8. a4 a5 9. e4 Na6 10. h3 Nb4 11. Be3 Ne8 12. Qd2 Nc7 13. Bh6 d5 14. Bxg7 Kxg7 15. exd5 cxd5 16. c5 Ra6 17. Rfe1 Rf6 18. Ne5 b6 19. Re2 Nca6 20. cxb6 Rxb6 21. Rae1 Nc7 22. Ng4 Bxg4 23. hxg4 e6 24. Bf3 h6 25. Kg2 Nc6 26. Re3 Rb4 27. Ne2 Rb6 28. Rc3 Na6 29. Rec1 Nab4 30. Rc5 Qf6 31. R1c3 Rd8 32. Qf4 Qxf4 33. gxf4 g5 34. fxg5 hxg5 35. Nc1 Nxd4 36. Rxa5 Nbc6 37. Rac5 Ne5 38. a5 Rxb2 39. Bd1 Rd2 40. Ba4 Nxg4 41. Rg3 Rxf2+ 42. Kg1 Nf3+ 43. Rxf3 Rxf3 0-1

[Event "Hessenliga 0506"]
[Site "Germany"]
[Date "2006.04.02"]
[Round "11.3"]
[White "Kierzek, Matthias"]
[Black "Rosenberger, Berthold"]
[Result "1/2-1/2"]
[WhiteElo "2145"]
[BlackElo "2250"]
[PlyCount "107"]
[EventDate "2005.09.11"]
[EventType "team"]
[EventRounds "11"]
[EventCountry "GER"]
[SourceTitle "EXT 2007"]
[Source "ChessBase"]
[SourceDate "2006.11.23"]
[SourceVersion "1"]
[SourceVersionDate "2006.11.23"]
[SourceQuality "1"]
[WhiteTeam "Fulda"]
[BlackTeam "Dettingen"]
[WhiteTeamCountry "GER"]
[BlackTeamCountry "GER"]

1. d4 g6 2. e4 Bg7 3. c4 d6 4. Nc3 Nf6 5. Be2 e5 6. dxe5 dxe5 7. Qxd8+ Kxd8 8. f4 c6 9. Nf3 Nfd7 10. 0-0 Ke8 11. h3 Na6 12. Be3 exf4 13. Bxf4 f6 14. a3 Nac5 15. Rad1 Ne5 16. b4 Ne6 17. Be3 Ke7 18. c5 Rd8 19. Nxe5 fxe5 20. Rxd8 Kxd8 21. Bc4 Ke7 22. Bf2 h6 23. Bh4+ g5 24. Bf2 Nf4 25. Nd1 Be6 26. Bxe6 Kxe6 27. Ne3 Rd8 28. Rd1 Rd4 29. Kf1 Bf8 30. Rxd4 exd4 31. Nc4 Bg7 32. Bg3 d3 33. Bxf4 gxf4 34. Ke1 Bc3+ 35. Kd1 b6 36. cxb6 axb6 37. Nxb6 Ke5 38. Nc8 Kxe4 39. Ne7 Ke3 40. b5 cxb5 41. Nd5+ Kd4 42. Nxf4 Kc4 43. g4 Be5 44. Ng2 Kd4 45. Nh4 Ke4 46. Nf5 h5 47. Kd2 hxg4 48. hxg4 Bf4+ 49. Kd1 Kd5 50. Ne7+ Kc4 51. Nc6 Kb3 52. Nb4 d2 53. Nd5 Bg5 54. Nc7 1/2-1/2

[Event "Hessenliga 0506"]
[Site "Germany"]
[Date "2005.09.11"]
[Round "1.4"]
[White "Nikel, Alfred"]
[Black "Rosenberger, Berthold"]
[Result "1/2-1/2"]
[WhiteElo "2132"]
[BlackElo "2250"]
[PlyCount "145"]
[EventDate "2005.09.11"]
[EventType "team"]
[EventRounds "11"]
[EventCountry "GER"]
[SourceTitle "EXT 2007"]
[Source "ChessBase"]
[SourceDate "2006.11.23"]
[SourceVersion "1"]
[SourceVersionDate "2006.11.23"]
[SourceQuality "1"]
[WhiteTeam "Limburg"]
[BlackTeam "Dettingen"]
[WhiteTeamCountry "GER"]
[BlackTeamCountry "GER"]

1. e4 c5 2. Nf3 d6 3. d4 cxd4 4. Nxd4 a6 5. c4 Nf6 6. f3 e6 7. Nc3 Be7 8. Be3 0-0 9. Be2 b6 10. 0-0 Bb7 11. Qd2 Nbd7 12. Rac1 Rc8 13. Rfd1 Qc7 14. Kh1 Rfd8 15. Qe1 Ne5 16. b3 Nfd7 17. f4 Nc6 18. Bf3 Qb8 19. Nce2 Qa8 20. Bf2 Nc5 21. Nxc6 Bxc6 22. Ng3 Bh4 23. Bxc5 bxc5 24. Qe2 a5 25. Rc3 a4 26. Rcd3 axb3 27. axb3 Be7 28. f5 Bf8 29. fxe6 fxe6 30. Nh5 Re8 31. Nf4 Rb8 32. e5 Bxf3 33. Rxf3 dxe5 34. Qxe5 Rbd8 35. Rdf1 Bd6 36. Qe3 Bxf4 37. Rxf4 Qc6 38. Qf2 Qd6 39. h3 Rf8 40. Rxf8+ Rxf8 41. Qe2 Rxf1+ 42. Qxf1 Qd4 43. Qf3 h6 44. Qb7 e5 45. b4 cxb4 46. Qxb4 e4 47. Qb5 e3 48. Qe8+ Kh7 49. Qe6 h5 50. Kh2 Qf4+ 51. Kh1 Qf1+ 52. Kh2 Qf2 53. Qe4+ Kh6 54. Qd4 h4 55. c5 Qg3+ 56. Kg1 Qe1+ 57. Kh2 e2 58. Qf4+ Kg6 59. Qe4+ Kh6 60. Qf4+ Kh7 61. Qf5+ g6 62. Qf7+ Kh6 63. Qf4+ Kg7 64. Qe5+ Kf7 65. Qd5+ Kf6 66. Qd4+ Kf5 67. Qd5+ Kf4 68. Qd4+ Kg5 69. Qe5+ Kh6 70. Qf4+ Kg7 71. Qe5+ Kh7 72. Qe7+ Kh6 73. Qe3+ 1/2-1/2

[Event "Landesliga Nord 0405"]
[Site "Bayern"]
[Date "2004.10.24"]
[Round "1.4"]
[White "Finster, Michael"]
[Black "Rosenberger, Berthold"]
[Result "0-1"]
[WhiteElo "2134"]
[BlackElo "2162"]
[PlyCount "64"]
[EventDate "2004.10.24"]
[EventType "team-tourn"]
[EventRounds "9"]
[EventCountry "GER"]
[SourceTitle "EXT 2008"]
[Source "ChessBase"]
[SourceDate "2007.11.25"]
[SourceVersion "1"]
[SourceVersionDate "2007.11.25"]
[SourceQuality "1"]
[WhiteTeam "Nuernberg Sued SW"]
[BlackTeam "Dettingen"]
[WhiteTeamCountry "GER"]
[BlackTeamCountry "GER"]

1. e4 c5 2. Nc3 d6 3. g3 Nc6 4. Bg2 g6 5. d3 Bg7 6. Be3 h5 7. h3 Bd7 8. Qd2 Nf6 9. Nf3 Qc8 10. Nh4 Rb8 11. f4 b5 12. f5 gxf5 13. exf5 Nd4 14. 0-0 Nxf5 15. Nxf5 Bxf5 16. Bg5 Bxh3 17. Bxf6 Bxf6 18. Rxf6 exf6 19. Ne4 Kf8 20. Qf4 Bxg2 21. Kxg2 Qe6 22. Nxf6 Rb7 23. Rf1 Qe5 24. Qf3 Re7 25. Rf2 h4 26. Kf1 hxg3 27. Nd7+ Rxd7 28. Re2 g2+ 29. Qxg2 Qf4+ 30. Ke1 Qh4+ 31. Kd2 Qh6+ 32. Re3 Qh2 0-1

[Event "Landesliga Nord 0304"]
[Site "Bayern"]
[Date "2004.04.25"]
[Round "9.4"]
[White "Rosenberger, Berthold"]
[Black "Doeres, Hans Juergen"]
[Result "0-1"]
[WhiteElo "2172"]
[BlackElo "2184"]
[PlyCount "78"]
[EventDate "2003.10.??"]
[EventType "team"]
[EventRounds "9"]
[EventCountry "GER"]
[SourceTitle "EXT 2006"]
[Source "ChessBase"]
[SourceDate "2005.11.24"]
[SourceVersion "1"]
[SourceVersionDate "2005.11.24"]
[SourceQuality "1"]
[WhiteTeam "Dettingen"]
[BlackTeam "Forchheim II"]
[WhiteTeamCountry "GER"]
[BlackTeamCountry "GER"]

1. Nf3 Nf6 2. g3 d5 3. Bg2 c6 4. 0-0 Bf5 5. d3 h6 6. b3 e6 7. Bb2 Be7 8. Nbd2 0-0 9. h3 Bh7 10. e3 c5 11. Qe2 Nc6 12. e4 Qc7 13. exd5 exd5 14. Ne5 Nd4 15. Bxd4 cxd4 16. Ndf3 Bd6 17. Ng4 Nxg4 18. hxg4 Qc3 19. a3 Rfe8 20. Qd1 Rac8 21. Re1 Qb2 22. Qd2 Rxe1+ 23. Rxe1 Qxa3 24. Nxd4 Qc5 25. Qe3 Bg6 26. Re2 b5 27. Nf5 Qxe3 28. fxe3 Bxf5 29. gxf5 d4 30. exd4 Bxg3 31. c4 a5 32. Bd5 bxc4 33. dxc4 Bh4 34. Ra2 Be1 35. Kf1 Bc3 36. Ke2 Kf8 37. Kd3 Bb4 38. c5 g5 39. f6 Be1 0-1